| 000 | 00549nam a2200193 i 4500 | ||
|---|---|---|---|
| 001 | 86827 | ||
| 003 | ES-MaACL | ||
| 007 | t| | ||
| 008 | 041215s1984 xxk ||||1| eng d | ||
| 020 | _a0-333-3727-0 | ||
| 100 | 1 |
_aKirby, David. _968091 |
|
| 245 | 1 | 0 |
_aDictionary of contemporary thought / _cDavid Kirby. |
| 260 |
_aLondon : _bMacmillan, _c1984. |
||
| 300 |
_aXVII, 153 p. ; _c22 cm. |
||
| 490 | 1 | _aMacmillan Reference Books | |
| 830 | 0 |
_aMacmillan Reference Books _9182130 |
|
| 852 |
_aES-MaACL _jL-8177 _bR.108801 |
||
| 999 |
_c86827 _d86827 |
||